Studies on the production and reproductive behavi- our our of guinea fowl (Numidia meleagris) At Giza zoo / (رقم التسجيلة. 177841)
[ عرض عادي ]
| 000 -LEADER | |
|---|---|
| fixed length control field | 01443namaa22003131i 4500 |
| 005 - أخر تعامل مع التسجيلة | |
| control field | 20260224094516.0 |
| 008 - FIXED-LENGTH DATA ELEMENTS--GENERAL INFORMATION | |
| fixed length control field | 260119s1995 ua a|||frm||| 000 0 eng d |
| 040 ## - CATALOGING SOURCE | |
| Original cataloguing agency | EG-GICUC |
| Language of cataloging | eng |
| Transcribing agency | EG-GICUC |
| Modifying agency | EG-GICUC |
| Description conventions | rda |
| 041 0# - LANGUAGE CODE | |
| Language code of text/sound track or separate title | eng |
| Language code of summary or abstract | eng |
| -- | ara |
| 049 ## - Acquisition Source | |
| Acquisition Source | Deposit |
| 097 ## - Degree | |
| Degree | M.Sc |
| 099 ## - LOCAL FREE-TEXT CALL NUMBER (OCLC) | |
| Local Call Number | Cai01.07.19.M.Sc.1995.Na.S. |
| 100 0# - MAIN ENTRY--PERSONAL NAME | |
| Authority record control number or standard number | Nagwa Mahmoud Rushdy El- Abbady, |
| Preparation | preparation. |
| 245 10 - TITLE STATEMENT | |
| Title | Studies on the production and reproductive behavi- our our of guinea fowl (Numidia meleagris) At Giza zoo / |
| Statement of responsibility, etc. | By Nagwa Mahmoud Rushdy El- Abbady; Supervision Prof. Dr. Abd El-Hamid Zakaria Fahmy, Prof. Dr. Nabil Fahmy Abd El-Hakeim |
| 246 15 - VARYING FORM OF TITLE | |
| Title proper/short title | دراسات عن انتاجية وسلوكيات التناسل لدجاج الوادي في حديقة الحيوان بالجيرة |
| 264 #0 - PRODUCTION, PUBLICATION, DISTRIBUTION, MANUFACTURE, AND COPYRIGHT NOTICE | |
| Date of production, publication, distribution, manufacture, or copyright notice | 1995. |
| 300 ## - PHYSICAL DESCRIPTION | |
| Extent | 117 Leaves : |
| Other physical details | illustrations |
| Dimensions | 30 cm. + |
| 336 ## - CONTENT TYPE | |
| Source | rda content |
| Content type term | text |
| 337 ## - MEDIA TYPE | |
| Source | rdamedia |
| Media type term | Unmediated |
| 338 ## - CARRIER TYPE | |
| Source | rdacarrier |
| Carrier type term | volume |
| 502 ## - DISSERTATION NOTE | |
| Dissertation note | Thesis (M.Sc.)-Cairo University, 1995. |
| 504 ## - BIBLIOGRAPHY, ETC. NOTE | |
| Bibliography, etc. note | Bibliography: pages 110-117 |
| 653 #0 - INDEX TERM--UNCONTROLLED | |
| Uncontrolled term | reproductive |
| -- | Animal |
| -- | Physiology |
| 700 0# - ADDED ENTRY--PERSONAL NAME | |
| Personal name | Abd El-Hamid Zakaria Fahmy |
| Relator term | thesis advisor. |
| 700 0# - ADDED ENTRY--PERSONAL NAME | |
| Personal name | Nabil Fahmy Abd El-Hakeim |
| Relator term | thesis advisor. |
| 900 ## - Thesis Information | |
| Department | Department of Animal & Physiology |
| Faculties | Faculty of Agriculture |
| Universities | Cairo University |
| Grant date | 1995 |
| Supervisory body | Abd El-Hamid Zakaria Fahmy |
| -- | Nabil Fahmy Abd El-Hakeim |
| 905 ## - Cataloger and Reviser Names | |
| Cataloger Name | Nehad |
| Reviser Names | Nourhan |
| 942 ## - ADDED ENTRY ELEMENTS (KOHA) | |
| Source of classification or shelving scheme | Dewey Decimal Classification |
| Koha item type | Thesis |
| Edition | 21 |
| Suppress in OPAC | No |
| Source of classification or shelving scheme | Home library | Current library | Date acquired | Inventory number | Full call number | Barcode | Date last seen | Effective from | Koha item type |
|---|---|---|---|---|---|---|---|---|---|
| Dewey Decimal Classification | المكتبة المركزبة الجديدة - جامعة القاهرة | مكتبة المئوية | 19.01.2026 | 26643 | Cai01.07.19.M.Sc.1995.Na.S | 01010110026643000 | 19.01.2026 | 19.01.2026 | Thesis |